[Event "WYCC Open U16"]
[Site "Porto Carras"]
[Date "2015.10.29"]
[Round "5.9"]
[White "Arcuti, Davide"]
[Black "Makhnyov, Denis"]
[Result "1/2-1/2"]
[BlackElo "2399"]
[WhiteElo "2280"]
[LiveChessVersion "1.4.6"]

1. d4 {[%clk 1:30:57]} Nf6 {[%clk 1:30:45]} 2. c4 {[%clk 1:31:23]} e6
{[%clk 1:31:04]} 3. Nc3 {[%clk 1:31:46]} Bb4 {[%clk 1:31:22]} 4. Qc2
{[%clk 1:32:09]} d5 {[%clk 1:31:26]} 5. cxd5 {[%clk 1:31:08]} exd5
{[%clk 1:31:48]} 6. Bg5 {[%clk 1:30:09]} h6 {[%clk 1:31:57]} 7. Bh4
{[%clk 1:30:23]} c5 {[%clk 1:31:44]} 8. dxc5 {[%clk 1:27:28]} O-O
{[%clk 1:30:57]} 9. e3 {[%clk 1:21:20]} Be6 {[%clk 1:20:10]} 10. Bd3
{[%clk 1:13:46]} Nc6 {[%clk 1:15:49]} 11. Nf3 {[%clk 1:10:22]} d4
{[%clk 1:12:59]} 12. Nxd4 {[%clk 1:04:57]} Nxd4 {[%clk 1:13:23]} 13. exd4
{[%clk 1:05:23]} Qxd4 {[%clk 1:13:48]} 14. Bxf6 {[%clk 1:04:15]} Qxf6
{[%clk 1:14:17]} 15. O-O {[%clk 1:02:41]} Bxc3 {[%clk 1:14:33]} 16. bxc3
{[%clk 0:58:10]} Rac8 {[%clk 1:11:55]} 17. Rab1 {[%clk 0:50:49]} Rxc5
{[%clk 1:11:25]} 18. Rxb7 {[%clk 0:49:21]} Bd5 {[%clk 1:11:26]} 19. Rb5
{[%clk 0:43:10]} Rxb5 {[%clk 1:11:28]} 20. Bxb5 {[%clk 0:43:37]} Bxg2
{[%clk 1:11:50]} 21. Kxg2 {[%clk 0:43:52]} Qg5+ {[%clk 1:12:18]} 22. Kh1
{[%clk 0:44:10]} Qxb5 {[%clk 1:12:45]} 23. Re1 {[%clk 0:43:04]} Rc8
{[%clk 1:11:01]} 24. h3 {[%clk 0:24:35]} Qd5+ {[%clk 1:06:49]} 25. Kg1
{[%clk 0:24:01]} g6 {[%clk 1:06:25]} 26. Re3 {[%clk 0:23:17]} Qg5+
{[%clk 1:06:15]} 27. Rg3 {[%clk 0:23:05]} Qf4 {[%clk 1:06:23]} 28. Qe2
{[%clk 0:19:39]} h5 {[%clk 0:55:06]} 29. Rxg6+ {[%clk 0:16:30]} fxg6
{[%clk 0:55:35]} 30. Qe6+ {[%clk 0:16:49]} Kg7 {[%clk 0:56:02]} 31. Qxc8
{[%clk 0:17:13]} Qc1+ {[%clk 0:56:24]} 32. Kh2 {[%clk 0:13:35]} 1/2-1/2

[Event "WYCC Open U16"]
[Site "Porto Carras"]
[Date "2015.10.29"]
[Round "5.10"]
[White "Petrov, Martin"]
[Black "Dragnev, Valentin"]
[Result "1/2-1/2"]
[BlackElo "2380"]
[WhiteElo "2267"]
[LiveChessVersion "1.4.6"]

1. e4 {[%clk 1:30:30]} c5 {[%clk 1:30:57]} 2. Nf3 {[%clk 1:30:33]} e6
{[%clk 1:31:20]} 3. d4 {[%clk 1:30:56]} cxd4 {[%clk 1:31:45]} 4. Nxd4
{[%clk 1:31:22]} Nc6 {[%clk 1:32:09]} 5. Nc3 {[%clk 1:31:43]} Qc7
{[%clk 1:32:36]} 6. Be2 {[%clk 1:32:05]} Nf6 {[%clk 1:33:01]} 7. Be3
{[%clk 1:32:08]} Be7 {[%clk 1:33:26]} 8. O-O {[%clk 1:32:26]} O-O
{[%clk 1:33:51]} 9. f4 {[%clk 1:32:45]} d6 {[%clk 1:34:18]} 10. Kh1
{[%clk 1:32:32]} Nxd4 {[%clk 1:34:23]} 11. Bxd4 {[%clk 1:30:57]} e5
{[%clk 1:34:24]} 12. Be3 {[%clk 1:28:19]} b6 {[%clk 0:55:20]} 13. Bd3
{[%clk 1:23:29]} Bb7 {[%clk 0:52:09]} 14. Qf3 {[%clk 1:22:35]} Rad8
{[%clk 0:50:34]} 15. Rad1 {[%clk 1:03:50]} Qc8 {[%clk 0:36:42]} 16. fxe5
{[%clk 0:41:39]} dxe5 {[%clk 0:36:38]} 17. Bg5 {[%clk 0:42:04]} Kh8
{[%clk 0:30:27]} 18. Bxf6 {[%clk 0:39:56]} Bxf6 {[%clk 0:30:52]} 19. Nd5
{[%clk 0:40:22]} Rd6 {[%clk 0:29:34]} 20. Qe2 {[%clk 0:30:53]} Bd8
{[%clk 0:25:59]} 21. Bc4 {[%clk 0:29:02]} Rc6 {[%clk 0:20:31]} 22. Ne3
{[%clk 0:25:44]} Rc7 {[%clk 0:16:03]} 23. Bd5 {[%clk 0:23:38]} Ba6
{[%clk 0:14:55]} 24. c4 {[%clk 0:23:51]} Bg5 {[%clk 0:15:22]} 25. Nf5
{[%clk 0:18:28]} Rd8 {[%clk 0:12:02]} 26. Qh5 {[%clk 0:16:48]} f6
{[%clk 0:07:00]} 27. Be6 {[%clk 0:14:48]} Qb8 {[%clk 0:04:18]} 28. Rxd8+
{[%clk 0:13:52]} Qxd8 {[%clk 0:04:47]} 29. Rd1 {[%clk 0:14:14]} Qf8
{[%clk 0:04:13]} 30. Nd6 {[%clk 0:14:25]} g6 {[%clk 0:04:28]} 31. Qg4
{[%clk 0:14:24]} h5 {[%clk 0:04:06]} 32. Qh3 {[%clk 0:13:03]} Kg7
{[%clk 0:02:51]} 33. Bd7 {[%clk 0:11:08]} Kh6 {[%clk 0:00:56]} 34. Qa3
{[%clk 0:07:04]} Kh7 {[%clk 0:00:48]} 35. Bh3 {[%clk 0:06:39]} Bb7
{[%clk 0:00:39]} 36. Qxa7 {[%clk 0:06:49]} Qd8 {[%clk 0:00:41]} 37. Qa4
{[%clk 0:05:56]} Bc6 {[%clk 0:00:38]} 38. Qb3 {[%clk 0:06:02]} Qa8
{[%clk 0:00:37]} 39. Qxb6 {[%clk 0:04:44]} Ra7 {[%clk 0:00:35]} 40. a3
{[%clk 0:33:43]} Rg7 {[%clk 0:30:37]} 41. Be6 {[%clk 0:23:29]} Bxe4
{[%clk 0:29:41]} 42. Nxe4 {[%clk 0:23:14]} Qxe4 {[%clk 0:30:06]} 43. Qf2
{[%clk 0:22:53]} Re7 {[%clk 0:27:44]} 44. Bd5 {[%clk 0:21:32]} Qg4
{[%clk 0:27:53]} 45. Re1 {[%clk 0:16:00]} e4 {[%clk 0:26:11]} 46. Qe2
{[%clk 0:14:27]} Qd7 {[%clk 0:22:00]} 47. Rd1 {[%clk 0:14:06]} 1/2-1/2

[Event "WYCC Open U16"]
[Site "Porto Carras"]
[Date "2015.10.29"]
[Round "5.11"]
[White "Mesaros, Florian"]
[Black "Suleymenov, Alisher"]
[Result "1-0"]
[BlackElo "2224"]
[WhiteElo "2379"]
[LiveChessVersion "1.4.6"]

1. d4 {[%clk 1:30:55]} Nf6 {[%clk 1:30:42]} 2. c4 {[%clk 1:31:18]} b6
{[%clk 1:31:02]} 3. g3 {[%clk 1:30:25]} Bb7 {[%clk 1:31:20]} 4. Nf3
{[%clk 1:30:49]} Bxf3 {[%clk 1:29:21]} 5. exf3 {[%clk 1:31:13]} e6
{[%clk 1:29:40]} 6. Bg2 {[%clk 1:30:19]} d5 {[%clk 1:26:41]} 7. O-O
{[%clk 1:24:51]} c6 {[%clk 1:17:37]} 8. b3 {[%clk 1:24:34]} g6 {[%clk 1:14:01]}
9. Nc3 {[%clk 1:19:32]} Bb4 {[%clk 1:07:14]} 10. Qd3 {[%clk 1:17:51]} O-O
{[%clk 1:06:03]} 11. f4 {[%clk 1:05:25]} Re8 {[%clk 0:51:12]} 12. Bb2
{[%clk 1:01:30]} Nbd7 {[%clk 0:45:41]} 13. Rfc1 {[%clk 1:01:04]} a6
{[%clk 0:36:24]} 14. Na4 {[%clk 0:57:15]} Qb8 {[%clk 0:34:52]} 15. c5
{[%clk 0:52:15]} b5 {[%clk 0:34:28]} 16. Nc3 {[%clk 0:51:47]} Ba5
{[%clk 0:32:12]} 17. Nd1 {[%clk 0:51:00]} Nh5 {[%clk 0:18:58]} 18. Rc2
{[%clk 0:47:25]} Ng7 {[%clk 0:17:26]} 19. f3 {[%clk 0:46:24]} Nf5
{[%clk 0:14:33]} 20. Nf2 {[%clk 0:46:24]} h5 {[%clk 0:14:10]} 21. Qe2
{[%clk 0:37:44]} Bd8 {[%clk 0:02:23]} 22. Nd3 {[%clk 0:37:16]} Bf6
{[%clk 0:02:05]} 23. Ne5 {[%clk 0:36:34]} Qb7 {[%clk 0:02:11]} 24. Re1
{[%clk 0:36:36]} a5 {[%clk 0:01:54]} 25. Qf2 {[%clk 0:36:15]} a4 {[%clk 0:01:09]}
26. b4 {[%clk 0:35:43]} Kf8 {[%clk 0:01:17]} 27. Bh3 {[%clk 0:34:51]} Rac8
{[%clk 0:00:52]} 28. Rce2 {[%clk 0:34:21]} Rcd8 {[%clk 0:00:48]} 29. Rf1
{[%clk 0:33:58]} Kg8 {[%clk 0:01:04]} 30. Kh1 {[%clk 0:33:27]} Ng7
{[%clk 0:00:57]} 31. g4 {[%clk 0:32:54]} Kf8 {[%clk 0:00:48]} 32. Qg1
{[%clk 0:32:34]} Nxe5 {[%clk 0:00:34]} 33. dxe5 {[%clk 0:31:23]} Be7
{[%clk 0:00:40]} 34. Bd4 {[%clk 0:31:22]} Qd7 {[%clk 0:00:50]} 35. f5
{[%clk 0:31:11]} exf5 {[%clk 0:00:36]} 36. gxf5 {[%clk 0:28:21]} Nxf5
{[%clk 0:00:43]} 37. e6 {[%clk 0:27:58]} fxe6 {[%clk 0:00:33]} 38. Bxf5
{[%clk 0:27:27]} exf5 {[%clk 0:00:34]} 39. Qxg6 {[%clk 0:27:34]} Bh4
{[%clk 0:00:44]} 40. Qh6+ {[%clk 0:57:53]} 1-0

[Event "WYCC Open U16"]
[Site "Porto Carras"]
[Date "2015.10.29"]
[Round "5.12"]
[White "Drakoulakos, Grigorios"]
[Black "Acosta, Pablo Ismael"]
[Result "1/2-1/2"]
[BlackElo "2377"]
[WhiteElo "2234"]
[LiveChessVersion "1.4.6"]

1. e4 {[%clk 1:30:55]} c5 {[%clk 1:30:53]} 2. Nf3 {[%clk 1:31:09]} e6
{[%clk 1:30:52]} 3. d4 {[%clk 1:30:40]} cxd4 {[%clk 1:31:12]} 4. Nxd4
{[%clk 1:31:04]} a6 {[%clk 1:31:37]} 5. Bd3 {[%clk 1:29:59]} Qb6 {[%clk 1:32:00]}
6. Nb3 {[%clk 1:27:30]} Qc7 {[%clk 1:32:16]} 7. O-O {[%clk 1:27:10]} Nf6
{[%clk 1:32:37]} 8. c4 {[%clk 1:22:30]} d6 {[%clk 1:31:40]} 9. Nc3
{[%clk 1:22:45]} b6 {[%clk 1:28:16]} 10. Qe2 {[%clk 1:22:27]} Be7
{[%clk 1:26:26]} 11. f4 {[%clk 1:19:45]} Nbd7 {[%clk 1:26:23]} 12. Bd2
{[%clk 1:19:10]} Bb7 {[%clk 1:24:31]} 13. Rae1 {[%clk 1:18:08]} Rd8
{[%clk 1:24:25]} 14. Kh1 {[%clk 1:08:50]} O-O {[%clk 1:24:31]} 15. Nd4
{[%clk 1:08:16]} Qc5 {[%clk 1:08:07]} 16. Nf3 {[%clk 0:58:40]} g6
{[%clk 1:03:30]} 17. e5 {[%clk 0:46:06]} Nh5 {[%clk 1:00:59]} 18. Ne4
{[%clk 0:39:59]} Qc7 {[%clk 0:57:51]} 19. g4 {[%clk 0:34:29]} Ng7
{[%clk 0:49:49]} 20. Bc3 {[%clk 0:30:13]} f5 {[%clk 0:25:03]} 21. exf6
{[%clk 0:27:00]} Nxf6 {[%clk 0:23:26]} 22. Neg5 {[%clk 0:26:22]} e5
{[%clk 0:21:55]} 23. h3 {[%clk 0:23:51]} Nd7 {[%clk 0:21:25]} 24. Kh2
{[%clk 0:16:39]} Rxf4 {[%clk 0:21:46]} 25. Bd2 {[%clk 0:11:55]} Rff8
{[%clk 0:21:57]} 26. Ne4 {[%clk 0:10:47]} Nc5 {[%clk 0:17:41]} 27. Bb1
{[%clk 0:10:01]} d5 {[%clk 0:14:12]} 28. cxd5 {[%clk 0:08:41]} Bxd5
{[%clk 0:13:41]} 29. Rc1 {[%clk 0:08:19]} Qb7 {[%clk 0:06:20]} 30. Nxc5
{[%clk 0:06:51]} bxc5 {[%clk 0:06:24]} 31. Nxe5 {[%clk 0:05:48]} Rxf1
{[%clk 0:06:12]} 32. Rxf1 {[%clk 0:05:49]} Qxb2 {[%clk 0:06:26]} 33. Nd3
{[%clk 0:05:00]} Bd6+ {[%clk 0:06:48]} 34. Kg1 {[%clk 0:05:18]} Qb5
{[%clk 0:04:42]} 35. Bc3 {[%clk 0:04:21]} c4 {[%clk 0:03:45]} 36. Nf2
{[%clk 0:04:13]} Rf8 {[%clk 0:03:01]} 37. Be4 {[%clk 0:04:07]} Re8
{[%clk 0:02:40]} 38. Qf3 {[%clk 0:03:48]} Bxe4 {[%clk 0:01:56]} 39. Nxe4
{[%clk 0:03:53]} Rf8 {[%clk 0:02:04]} 40. Qe2 {[%clk 0:31:48]} Qb6+
{[%clk 0:30:47]} 41. Kg2 {[%clk 0:28:04]} Qc6 {[%clk 0:24:41]} 42. Rxf8+
{[%clk 0:22:27]} Bxf8 {[%clk 0:24:58]} 43. Qf3 {[%clk 0:22:51]} Qe6
{[%clk 0:23:27]} 44. Nf6+ {[%clk 0:13:10]} Kh8 {[%clk 0:23:39]} 45. Nd7
{[%clk 0:10:25]} Be7 {[%clk 0:22:42]} 46. Qa8+ {[%clk 0:09:58]} Qg8
{[%clk 0:23:04]} 47. Qc6 {[%clk 0:10:03]} Bh4 {[%clk 0:19:30]} 48. Nf6
{[%clk 0:06:30]} Qb8 {[%clk 0:14:49]} 49. Ne4 {[%clk 0:06:52]} Be7
{[%clk 0:06:04]} 50. Qd5 {[%clk 0:04:54]} Qg8 {[%clk 0:05:53]} 51. Qe5
{[%clk 0:04:52]} Qf7 {[%clk 0:05:48]} 52. g5 {[%clk 0:02:05]} Kg8
{[%clk 0:05:49]} 53. h4 {[%clk 0:01:35]} Bd8 {[%clk 0:06:04]} 54. Qd6
{[%clk 0:01:40]} Be7 {[%clk 0:06:05]} 55. Qd4 {[%clk 0:01:32]} a5
{[%clk 0:05:40]} 56. Nd2 {[%clk 0:01:10]} Bb4 {[%clk 0:05:26]} 57. Bxb4
{[%clk 0:00:48]} Qb7+ {[%clk 0:05:48]} 58. Kg1 {[%clk 0:00:45]} Qxb4
{[%clk 0:04:52]} 59. Nxc4 {[%clk 0:00:34]} Qb1+ {[%clk 0:04:54]} 60. Kg2
{[%clk 0:00:33]} Qxa2+ {[%clk 0:05:19]} 61. Kg1 {[%clk 0:00:40]} Qb1+
{[%clk 0:05:31]} 62. Kh2 {[%clk 0:00:55]} Qc2+ {[%clk 0:05:47]} 63. Kg1
{[%clk 0:01:14]} Qb1+ {[%clk 0:03:57]} 64. Kh2 {[%clk 0:01:37]} Ne6
{[%clk 0:03:04]} 65. Qd5 {[%clk 0:01:45]} Qf5 {[%clk 0:02:51]} 66. Qxf5
{[%clk 0:01:44]} gxf5 {[%clk 0:03:17]} 67. Nxa5 {[%clk 0:02:09]} Kf7
{[%clk 0:03:31]} 68. Nc4 {[%clk 0:02:08]} Kg6 {[%clk 0:03:30]} 69. Ne5+
{[%clk 0:01:19]} Kh5 {[%clk 0:03:54]} 70. Kg3 {[%clk 0:01:36]} f4+
{[%clk 0:03:45]} 71. Kf3 {[%clk 0:01:10]} Kxh4 {[%clk 0:03:43]} 72. g6
{[%clk 0:01:35]} 1/2-1/2

[Event "WYCC Open U16"]
[Site "Porto Carras"]
[Date "2015.10.29"]
[Round "5.13"]
[White "Der Manuelian, Haik O"]
[Black "Bunyatov, Rustam"]
[Result "1-0"]
[BlackElo "2342"]
[WhiteElo "2163"]
[LiveChessVersion "1.4.6"]

1. e4 {[%clk 1:30:57]} e5 {[%clk 1:30:57]} 2. Nf3 {[%clk 1:31:24]} Nc6
{[%clk 1:31:22]} 3. Bb5 {[%clk 1:31:48]} a6 {[%clk 1:31:48]} 4. Ba4
{[%clk 1:32:15]} Nf6 {[%clk 1:32:16]} 5. O-O {[%clk 1:32:40]} Be7
{[%clk 1:32:43]} 6. Re1 {[%clk 1:33:01]} b5 {[%clk 1:33:03]} 7. Bb3
{[%clk 1:33:29]} d6 {[%clk 1:33:28]} 8. c3 {[%clk 1:33:53]} O-O {[%clk 1:33:54]}
9. d4 {[%clk 1:34:21]} Bg4 {[%clk 1:33:22]} 10. Be3 {[%clk 1:33:05]} exd4
{[%clk 1:29:42]} 11. cxd4 {[%clk 1:33:25]} Na5 {[%clk 1:30:02]} 12. Bc2
{[%clk 1:33:36]} Nc4 {[%clk 1:30:08]} 13. Bc1 {[%clk 1:33:17]} c5
{[%clk 1:29:51]} 14. b3 {[%clk 1:33:42]} Nb6 {[%clk 1:30:05]} 15. Nbd2
{[%clk 1:32:53]} Nfd7 {[%clk 1:29:39]} 16. h3 {[%clk 1:32:17]} Bh5
{[%clk 1:29:32]} 17. Bb2 {[%clk 1:30:30]} Re8 {[%clk 1:29:26]} 18. Nf1
{[%clk 1:26:13]} Qc7 {[%clk 1:26:59]} 19. g4 {[%clk 1:26:12]} Bg6
{[%clk 1:27:21]} 20. Ng3 {[%clk 1:26:24]} Bf6 {[%clk 1:23:17]} 21. g5
{[%clk 1:21:11]} Be7 {[%clk 1:11:46]} 22. d5 {[%clk 1:21:10]} c4 {[%clk 1:04:17]}
23. h4 {[%clk 1:15:35]} f6 {[%clk 1:03:30]} 24. Nd4 {[%clk 1:14:02]} Nc5
{[%clk 1:00:25]} 25. f4 {[%clk 1:08:30]} b4 {[%clk 0:57:43]} 26. h5
{[%clk 0:51:58]} Bf7 {[%clk 0:58:12]} 27. g6 {[%clk 0:49:51]} hxg6
{[%clk 0:56:10]} 28. hxg6 {[%clk 0:47:36]} Bxg6 {[%clk 0:56:37]} 29. Qg4
{[%clk 0:46:15]} Bh7 {[%clk 0:55:27]} 30. Kg2 {[%clk 0:34:45]} c3
{[%clk 0:54:48]} 31. Bc1 {[%clk 0:33:02]} Bd8 {[%clk 0:52:20]} 32. Rh1
{[%clk 0:27:26]} Qf7 {[%clk 0:46:26]} 33. f5 {[%clk 0:21:45]} g5 {[%clk 0:44:24]}
34. Ne6 {[%clk 0:20:47]} Nbd7 {[%clk 0:43:02]} 35. Bf4 {[%clk 0:20:41]} Be7
{[%clk 0:39:23]} 36. Rh5 {[%clk 0:19:17]} Ne5 {[%clk 0:39:26]} 37. Bxe5
{[%clk 0:19:30]} dxe5 {[%clk 0:39:37]} 38. Rah1 {[%clk 0:19:36]} 1-0

[Event "WYCC Open U16"]
[Site "Porto Carras"]
[Date "2015.10.29"]
[Round "5.14"]
[White "Domingo Nunez, Ruben"]
[Black "Alexiadis, Hristos"]
[Result "1/2-1/2"]
[BlackElo "2189"]
[WhiteElo "2339"]
[LiveChessVersion "1.4.6"]

1. e4 {[%clk 1:30:56]} c5 {[%clk 1:29:49]} 2. Nf3 {[%clk 1:31:18]} d6
{[%clk 1:29:41]} 3. d4 {[%clk 1:31:44]} Nf6 {[%clk 1:25:19]} 4. Nc3
{[%clk 1:31:30]} cxd4 {[%clk 1:25:31]} 5. Nxd4 {[%clk 1:31:46]} a6
{[%clk 1:25:08]} 6. h3 {[%clk 1:32:01]} Nc6 {[%clk 1:23:13]} 7. g4
{[%clk 1:16:33]} Qb6 {[%clk 1:22:25]} 8. Nb3 {[%clk 1:09:59]} e6 {[%clk 1:22:37]}
9. Be3 {[%clk 1:08:46]} Qc7 {[%clk 1:20:45]} 10. f4 {[%clk 1:08:35]} Be7
{[%clk 1:19:31]} 11. Bg2 {[%clk 1:08:00]} O-O {[%clk 1:15:43]} 12. O-O
{[%clk 1:05:16]} Re8 {[%clk 1:12:45]} 13. g5 {[%clk 0:56:08]} Nd7
{[%clk 1:12:44]} 14. a4 {[%clk 0:48:00]} b6 {[%clk 1:06:55]} 15. Qe2
{[%clk 0:46:42]} Bb7 {[%clk 1:04:21]} 16. h4 {[%clk 0:44:27]} Na5
{[%clk 1:01:27]} 17. Nd4 {[%clk 0:38:37]} Nc4 {[%clk 1:00:44]} 18. Bc1
{[%clk 0:36:20]} d5 {[%clk 0:50:31]} 19. e5 {[%clk 0:28:33]} Bc5 {[%clk 0:50:48]}
20. Qf2 {[%clk 0:28:55]} Ndxe5 {[%clk 0:48:37]} 21. fxe5 {[%clk 0:29:24]} Qxe5
{[%clk 0:48:58]} 22. Nce2 {[%clk 0:23:35]} Qc7 {[%clk 0:49:27]} 23. c3
{[%clk 0:18:37]} b5 {[%clk 0:42:43]} 24. Kh1 {[%clk 0:15:52]} bxa4
{[%clk 0:42:08]} 25. h5 {[%clk 0:08:08]} e5 {[%clk 0:33:57]} 26. Qg3
{[%clk 0:08:37]} Nd6 {[%clk 0:34:17]} 27. Nf5 {[%clk 0:08:48]} Nxf5
{[%clk 0:34:33]} 28. Rxf5 {[%clk 0:09:14]} Qd7 {[%clk 0:34:04]} 29. Rf1
{[%clk 0:09:04]} a5 {[%clk 0:30:09]} 30. Be3 {[%clk 0:03:14]} Bxe3
{[%clk 0:29:15]} 31. Qxe3 {[%clk 0:03:43]} d4 {[%clk 0:29:39]} 32. Qf2
{[%clk 0:02:10]} d3 {[%clk 0:29:36]} 33. Ng3 {[%clk 0:02:14]} Rab8
{[%clk 0:24:58]} 34. Be4 {[%clk 0:01:34]} 1/2-1/2

[Event "WYCC Open U16"]
[Site "Porto Carras"]
[Date "2015.10.29"]
[Round "5.15"]
[White "Lazov, Toni"]
[Black "Mihajlov, Sebastian"]
[Result "1/2-1/2"]
[BlackElo "2336"]
[WhiteElo "2139"]
[LiveChessVersion "1.4.6"]

1. e4 {[%clk 1:30:57]} c6 {[%clk 1:30:36]} 2. d4 {[%clk 1:30:24]} d5
{[%clk 1:30:58]} 3. e5 {[%clk 1:30:49]} Bf5 {[%clk 1:31:22]} 4. Nd2
{[%clk 1:30:18]} e6 {[%clk 1:30:54]} 5. Nb3 {[%clk 1:30:34]} Nd7 {[%clk 1:31:13]}
6. Nf3 {[%clk 1:30:35]} Ne7 {[%clk 1:31:24]} 7. Be2 {[%clk 1:26:46]} Nc8
{[%clk 1:31:40]} 8. O-O {[%clk 1:23:44]} Be7 {[%clk 1:31:47]} 9. Ne1
{[%clk 1:10:09]} c5 {[%clk 1:16:45]} 10. c3 {[%clk 0:59:36]} a6 {[%clk 1:06:56]}
11. f4 {[%clk 0:52:46]} Qb6 {[%clk 0:58:14]} 12. a4 {[%clk 0:45:18]} cxd4
{[%clk 0:40:34]} 13. cxd4 {[%clk 0:40:59]} Bg6 {[%clk 0:30:05]} 14. Nd3
{[%clk 0:37:46]} O-O {[%clk 0:28:03]} 15. Be3 {[%clk 0:33:22]} Na7
{[%clk 0:24:17]} 16. Rc1 {[%clk 0:26:08]} Nc6 {[%clk 0:24:10]} 17. g4
{[%clk 0:23:43]} Be4 {[%clk 0:22:03]} 18. Nf2 {[%clk 0:17:34]} Bg6
{[%clk 0:21:44]} 19. Nd3 {[%clk 0:17:09]} Be4 {[%clk 0:15:11]} 20. Nf2
{[%clk 0:15:09]} Nb4 {[%clk 0:13:09]} 21. Nc5 {[%clk 0:12:47]} Nxc5
{[%clk 0:13:07]} 22. dxc5 {[%clk 0:13:16]} Qc6 {[%clk 0:13:05]} 23. Qb3
{[%clk 0:11:35]} a5 {[%clk 0:11:57]} 24. Nxe4 {[%clk 0:07:31]} dxe4
{[%clk 0:12:26]} 25. f5 {[%clk 0:07:51]} Qd5 {[%clk 0:09:11]} 26. Bc4
{[%clk 0:04:40]} Qxe5 {[%clk 0:09:37]} 27. fxe6 {[%clk 0:05:05]} fxe6
{[%clk 0:09:51]} 28. Bxe6+ {[%clk 0:05:30]} Kh8 {[%clk 0:10:19]} 29. Rf5
{[%clk 0:05:12]} Rxf5 {[%clk 0:09:54]} 30. Bxf5 {[%clk 0:05:41]} Rd8
{[%clk 0:08:14]} 31. Qc4 {[%clk 0:03:16]} Rd3 {[%clk 0:07:49]} 32. Bf2
{[%clk 0:03:15]} Rh3 {[%clk 0:07:41]} 33. Qxe4 {[%clk 0:01:55]} Qxh2+
{[%clk 0:08:09]} 34. Kf1 {[%clk 0:02:25]} Nd3 {[%clk 0:07:23]} 35. Rc2
{[%clk 0:01:58]} Nxf2 {[%clk 0:03:56]} 36. Rxf2 {[%clk 0:01:56]} Qh1+
{[%clk 0:04:14]} 37. Qxh1 {[%clk 0:02:02]} Rxh1+ {[%clk 0:04:41]} 38. Kg2
{[%clk 0:02:09]} Re1 {[%clk 0:04:56]} 39. Rc2 {[%clk 0:01:48]} g6
{[%clk 0:05:16]} 40. Bc8 {[%clk 0:31:43]} Re5 {[%clk 0:35:42]} 41. Bxb7
{[%clk 0:27:16]} Bxc5 {[%clk 0:36:02]} 42. Kf3 {[%clk 0:25:21]} Kg7
{[%clk 0:36:25]} 43. Be4 {[%clk 0:24:48]} Kf6 {[%clk 0:36:37]} 44. Rd2
{[%clk 0:23:20]} 1/2-1/2

[Event "WYCC Open U16"]
[Site "Porto Carras"]
[Date "2015.10.29"]
[Round "5.16"]
[White "Graif, William"]
[Black "Lopez Mulet, Inigo"]
[Result "1/2-1/2"]
[BlackElo "2333"]
[WhiteElo "1917"]
[LiveChessVersion "1.4.6"]

1. e4 {[%clk 1:30:56]} e6 {[%clk 1:30:48]} 2. d4 {[%clk 1:31:14]} d5
{[%clk 1:31:11]} 3. Nd2 {[%clk 1:30:50]} Be7 {[%clk 1:31:22]} 4. Ngf3
{[%clk 1:30:20]} Nf6 {[%clk 1:31:43]} 5. e5 {[%clk 1:30:17]} Nfd7
{[%clk 1:32:03]} 6. c4 {[%clk 1:29:24]} c5 {[%clk 1:29:46]} 7. Nb3
{[%clk 1:04:04]} Nc6 {[%clk 1:26:03]} 8. Nxc5 {[%clk 0:55:28]} Nxc5
{[%clk 1:26:09]} 9. dxc5 {[%clk 0:55:41]} Bxc5 {[%clk 1:21:19]} 10. Be2
{[%clk 0:53:03]} h6 {[%clk 1:11:10]} 11. a3 {[%clk 0:43:04]} a5 {[%clk 1:04:44]}
12. b3 {[%clk 0:33:50]} Qc7 {[%clk 0:47:13]} 13. Bb2 {[%clk 0:27:17]} dxc4
{[%clk 0:37:12]} 14. Bxc4 a4 {[%clk 0:33:57]} 15. O-O {[%clk 0:21:48]} axb3
{[%clk 0:34:16]} 16. Bxb3 {[%clk 0:20:46]} b6 {[%clk 0:32:38]} 17. Nd4
{[%clk 0:11:10]} O-O {[%clk 0:30:21]} 18. Nxc6 {[%clk 0:09:12]} Qxc6
{[%clk 0:30:21]} 19. Qg4 {[%clk 0:07:04]} Bb7 {[%clk 0:26:39]} 20. a4
{[%clk 0:05:41]} Rfd8 {[%clk 0:26:09]} 21. Rfd1 {[%clk 0:05:14]} b5
{[%clk 0:20:02]} 22. axb5 {[%clk 0:03:28]} Qxb5 {[%clk 0:20:18]} 23. Rxa8
{[%clk 0:03:31]} Rxa8 {[%clk 0:20:38]} 24. Qg3 {[%clk 0:02:34]} Qe2
{[%clk 0:19:54]} 25. Bc3 {[%clk 0:02:10]} Ra3 {[%clk 0:07:19]} 26. Rd8+
{[%clk 0:01:10]} Kh7 {[%clk 0:07:21]} 27. Bd1 {[%clk 0:01:33]} Qe4
{[%clk 0:05:29]} 28. Bf3 {[%clk 0:00:52]} Ra1+ {[%clk 0:02:57]} 29. Rd1
{[%clk 0:01:02]} Rxd1+ {[%clk 0:02:31]} 30. Bxd1 {[%clk 0:01:31]} Qb1
{[%clk 0:02:50]} 31. Qg4 {[%clk 0:01:44]} Bd5 {[%clk 0:00:43]} 32. Qa4
{[%clk 0:02:06]} Be4 {[%clk 0:00:40]} 33. Qa1 {[%clk 0:01:34]} Qd3
{[%clk 0:00:54]} 34. Qc1 {[%clk 0:01:32]} g6 {[%clk 0:00:57]} 35. Qd2
{[%clk 0:01:23]} Qb1 {[%clk 0:01:17]} 36. Qd7 {[%clk 0:01:38]} Kg7
{[%clk 0:01:20]} 37. Qd2 {[%clk 0:01:37]} Ba3 {[%clk 0:00:54]} 38. f3
{[%clk 0:01:37]} Bd3 {[%clk 0:00:43]} 39. h3 {[%clk 0:00:56]} Bc1
{[%clk 0:00:52]} 40. Qe1 {[%clk 0:31:15]} Bf4 {[%clk 0:30:57]} 41. Bd2
{[%clk 0:25:22]} g5 {[%clk 0:28:19]} 42. h4 {[%clk 0:14:51]} Qa1 {[%clk 0:27:26]}
43. hxg5 {[%clk 0:14:27]} hxg5 {[%clk 0:26:39]} 44. Bc3 {[%clk 0:09:48]} Qc1
{[%clk 0:26:48]} 45. Kf2 {[%clk 0:07:51]} Bc2 {[%clk 0:18:57]} 46. g3
{[%clk 0:04:34]} Bxd1 {[%clk 0:12:00]} 47. gxf4 {[%clk 0:04:49]} Qc2+
{[%clk 0:12:26]} 48. Qd2 {[%clk 0:04:38]} 1/2-1/2